OECD Working Papers (Record no. 2775)

MARC details
000 -LEADER
fixed length control field 00412nas a22001937i 4500
001 - CONTROL NUMBER
control field 2807
003 - CONTROL NUMBER IDENTIFIER
control field OSt
005 - DATE AND TIME OF LATEST TRANSACTION
control field 20180810130725.0
007 - PHYSICAL DESCRIPTION FIXED FIELD--GENERAL INFORMATION
fixed length control field tu
008 - FIXED-LENGTH DATA ELEMENTS--GENERAL INFORMATION
fixed length control field 161220d19932000fr ||||| |||| 00| 0 d
024 7# - OTHER STANDARD IDENTIFIER
Standard number or code 2806
Source of number or code RID
040 ## - CATALOGING SOURCE
Transcribing agency OSt
110 2# - MAIN ENTRY--CORPORATE NAME
Corporate name or jurisdiction name as entry element OECD
Relator term Ed.
245 ## - TITLE STATEMENT
Title OECD Working Papers
260 ## - PUBLICATION, DISTRIBUTION, ETC.
Place of publication, distribution, etc. Paris :
Name of publisher, distributor, etc. OECD,
Date of publication, distribution, etc. 1993-2000.
300 ## - PHYSICAL DESCRIPTION
Other physical details nicht kat.
362 ## - DATES OF PUBLICATION AND/OR SEQUENTIAL DESIGNATION
Dates of publication and/or sequential designation 1.1993 - 8.2000
942 ## - ADDED ENTRY ELEMENTS (KOHA)
Koha item type Periodical
Holdings
Withdrawn status Lost status Damaged status Not for loan Home library Current library Shelving location Date acquired Inventory number Total Checkouts Barcode Date last seen Price effective from Koha item type
        WIIW WIIW Corridor 01/18/1996 2807   302805 01/26/2017 01/26/2017 Periodical
The Vienna Instiute for International Economic Studies (wiiw)